|
|
|
|
| LEADER |
00000ntm a22000007u 4500 |
| 001 |
zp3883 |
| 041 |
|
|
|a cze
|
| 100 |
1 |
|
|a Krejčiříková, Martina
|4 dis
|
| 245 |
1 |
0 |
|a Projekt rozšíření exportních aktivit firmy Levior s.r.o. na současných zahraničních trzích s pomocí Evropského fondu pro regionální rozvoj a státního rozpočtu
|
| 246 |
|
|
|a The project of the expansion of the export activities in the firm Levior s.r.o. on the present foreign market with the help of European Regional Development Fund and the state budget
|
| 260 |
|
|
|c 2006
|
| 300 |
|
|
|a 77 s., 25 s. obr. příloh
|
| 500 |
|
|
|a Studijní obor: Management a marketing
|
| 500 |
|
|
|a Studijní obor: Management and Marketing
|
| 500 |
|
|
|a Ústav: Ústav managementu
|
| 500 |
|
|
|a Univerzita Tomáše Bati ve Zlíně. Fakulta managementu a ekonomiky
|
| 500 |
|
|
|a Tomas Bata University in Zlín. Faculty of Management and Economics
|
| 506 |
|
|
|a Pouze v rámci univerzity
|
| 653 |
|
|
|a Politika hospodářské a sociální soudržnosti EU
|
| 653 |
|
|
|a Strukturální fondy EU
|
| 653 |
|
|
|a Evropský fond regionálního rozvoje - ERDF
|
| 653 |
|
|
|a Národní rozvojový plán České republiky 2004-200
|
| 653 |
|
|
|a Operační program Průmysl a podnikání
|
| 653 |
|
|
|a Program Marketing
|
| 653 |
|
|
|a Exportní aktivity
|
| 653 |
|
|
|a The policy of the economic and the social solidarity of EU
|
| 653 |
|
|
|a structural funds of EU
|
| 653 |
|
|
|a European Regional Development Fund - ERDF
|
| 653 |
|
|
|a the national development plan of Czech republic valid for the years 2004-2006
|
| 653 |
|
|
|a the Operational programme Industry and business
|
| 653 |
|
|
|a the programme Marketing
|
| 653 |
|
|
|a export activities
|
| 655 |
|
4 |
|a diplomová práce
|
| 700 |
1 |
|
|a Pilík, Michal
|4 ths
|
| 710 |
2 |
|
|a Univerzita Tomáše Bati ve Zlíně. Fakulta managementu a ekonomiky
|4 dgg
|
| 710 |
2 |
|
|a Tomas Bata University in Zlín. Faculty of Management and Economics
|4 dgg
|
| 856 |
4 |
0 |
|u http://hdl.handle.net/10563/1065
|y Plný text v Digitální knihovně UTB
|